| 000 | 00524nam a2200169Ia 4500 | ||
|---|---|---|---|
| 999 |
_c12901 _d12901 |
||
| 003 | OSt | ||
| 005 | 20201022113802.0 | ||
| 008 | 190216s9999||||xx |||||||||||||| ||und|| | ||
| 040 | _coclc | ||
| 082 |
_a818.3 _bWHI/C |
||
| 100 |
_aWhicher, Stephen Emerson _95556 |
||
| 245 | 0 |
_aA Collection Of Critical Essays / _cStephen Emerson Whicher ; Milton R Konvitz |
|
| 260 |
_bPrentice Hall , _c1962. _aAmerica: |
||
| 300 | _a184p | ||
| 650 | _aEnglish Essay | ||
| 942 |
_cBK _2ddc _h818.3 _iWHI/C _k818.3 _mWHI/C |
||